Welcome to CU Library Online Public Access Catalogue (OPAC)

Clinical Dermatology Illustrated/ (Record no. 4218)

MARC details
000 -LEADER
fixed length control field 00502nam a22001577a 4500
005 - DATE AND TIME OF LATEST TRANSACTION
control field 20250223171629.0
008 - FIXED-LENGTH DATA ELEMENTS--GENERAL INFORMATION
fixed length control field 250223b |||||||| |||| 00| 0 eng d
020 ## - INTERNATIONAL STANDARD BOOK NUMBER
International Standard Book Number 0864330316
050 ## - LIBRARY OF CONGRESS CALL NUMBER
Classification number RL71
Item number .C63
100 ## - MAIN ENTRY--PERSONAL NAME
Personal name Reeves, John R. T.
245 ## - TITLE STATEMENT
Title Clinical Dermatology Illustrated/
Remainder of title a regional approach
Statement of responsibility, etc. John R. T. Reeves & Howard Maibach
260 ## - PUBLICATION, DISTRIBUTION, ETC.
Place of publication, distribution, etc. Sydney
Name of publisher, distributor, etc. Williams & Wilkins. Adis Pty Limited
Date of publication, distribution, etc. 1987
300 ## - PHYSICAL DESCRIPTION
Extent 329p.
Other physical details ill. some color
Dimensions 28cm
700 ## - ADDED ENTRY--PERSONAL NAME
Personal name Maibach, Howard
942 ## - ADDED ENTRY ELEMENTS (KOHA)
Source of classification or shelving scheme Library of Congress Classification
Koha item type Books
Suppress in OPAC No
999 ## -
-- 4218
-- 4218
Holdings
Withdrawn status Lost status Source of classification or shelving scheme Damaged status Not for loan Collection Home library Current library Shelving location Date acquired Total checkouts Full call number Barcode Date last seen Copy number Price effective from Koha item type
    Library of Congress Classification     Non-fiction Science Library (Miotso) Science Library (Miotso) General stacks 02/23/2025   RL71 .C63 REE SLM00003895 02/23/2025 1 02/23/2025 Books
© 2023-2024 Copyright: Central University Libraries. All Rights Reserved | Created by: Mahone Tech Office